| 000 | 01122 a2200265 4500 | ||
|---|---|---|---|
| 003 | OSt | ||
| 005 | 20180116192341.0 | ||
| 008 | 120525t xxu||||| |||| 00| 0 eng d | ||
| 020 | _a0465027067 (paperback) | ||
| 020 | _a9780465027064 (paperback) | ||
| 040 | _c0 | ||
| 082 | 0 | 4 | _a363.700 |
| 100 | 1 |
_aSpirn, Anne W. _92289 |
|
| 245 | 1 | 4 |
_aThe granite garden : _burban nature and human design / _cAnne W. Spirn. |
| 260 |
_aLondon : _bBasic Books, _c1985. |
||
| 300 |
_a352 p. ; _bill ; _c23 cm. |
||
| 500 | _aIncludes index . | ||
| 520 | _aThis award-winning book by a Harvard landscape architect proves how important it is to understand the natural settings of cities—their air, water, geology, plant, and animal life—to create better, more habitable urban environmen | ||
| 650 | 0 |
_aCity planning _yEnvironmental aspects _92290 |
|
| 650 | 0 |
_aHuman ecology _92291 |
|
| 650 | 0 |
_aLandscape architecture _92292 |
|
| 856 |
_3Amazon.com _uhttp://www.amazon.com/exec/obidos/ASIN/0465027067/chopaconline |
||
| 942 |
_aSADA _cBK _k363.700 SPI 1985 _2ddc |
||
| 999 |
_c352674 _d352674 |
||